[Event "Bad Godesberg op 15th"]
[Site "Bad Godesberg"]
[Date "2011.07.31"]
[Round "9"]
[White "Maassen, Hermann"]
[Black "Schardt, Till"]
[Result "0-1"]
[WhiteElo "1523"]
[BlackElo "1323"]
[PlyCount "78"]
[EventDate "2011.07.23"]
[EventType "swiss"]
[EventRounds "9"]
[EventCountry "GER"]
[SourceTitle "EXT 2017"]
[Source "ChessBase"]
[SourceDate "2016.10.25"]
[SourceVersion "1"]
[SourceVersionDate "2016.10.25"]
[SourceQuality "1"]

1. e4 e5 2. Nf3 Nc6 3. Bb5 d6 4. 0-0 Bd7 5. d4 Nf6 6. Nc3 exd4 7. Nxd4 Nxd4 8. Bxd7+ Qxd7 9. Qxd4 Qe6 10. Nd5 Nxd5 11. exd5 Qg6 12. Qa4+ Kd8 13. Be3 Be7 14. Qb3 b6 15. a4 Bf6 16. a5 Ke7 17. Rfe1 Rhb8 18. axb6 cxb6 19. Bd2+ Kf8 20. Bb4 Bd4 21. Rad1 Bc5 22. Bc3 a5 23. Rd3 Qf5 24. Rf3 Qh5 25. Rg3 g6 26. Rh3 Qf5 27. Rf3 Qg5 28. Bf6 Qd2 29. Bc3 Qg5 30. Qc4 Re8 31. Rd1 Ra7 32. Bf6 Qh5 33. Qf4 Kg8 34. g4 g5 35. Bxg5 Qg6 36. h4 Re5 37. Qf6 Qxf6 38. Bxf6 Re4 39. Rg3 Rf4 0-1